The architecture of the city / (Record no. 352271)
[ view plain ]
| 000 -LEADER | |
|---|---|
| fixed length control field | 01290 a2200301 4500 |
| 003 - CONTROL NUMBER IDENTIFIER | |
| control field | OSt |
| 005 - DATE AND TIME OF LATEST TRANSACTION | |
| control field | 20180116192328.0 |
| 008 - FIXED-LENGTH DATA ELEMENTS--GENERAL INFORMATION | |
| fixed length control field | 120420t xxu||||| |||| 00| 0 eng d |
| 010 ## - LIBRARY OF CONGRESS CONTROL NUMBER | |
| LC control number | 81019382 |
| 020 ## - INTERNATIONAL STANDARD BOOK NUMBER | |
| International Standard Book Number | 0262181010 |
| 040 ## - CATALOGING SOURCE | |
| Transcribing agency | 0 |
| 082 00 - DEWEY DECIMAL CLASSIFICATION NUMBER | |
| Classification number | 711.4 |
| 100 1# - MAIN ENTRY--PERSONAL NAME | |
| Personal name | Rossi, Aldo, |
| 9 (RLIN) | 887 |
| 245 14 - TITLE STATEMENT | |
| Title | The architecture of the city / |
| Statement of responsibility, etc. | Aldo Rossi ; introduction by Peter Eisenman ; translation by Diane Ghirardo and Joan Ockman ; revised for the American edition by Aldo Rossi and Peter Eisenman. |
| 260 ## - PUBLICATION, DISTRIBUTION, ETC. | |
| Place of publication, distribution, etc. | Cambridge, Mass. : |
| Name of publisher, distributor, etc. | MIT Press, |
| Date of publication, distribution, etc. | 1982. |
| 300 ## - PHYSICAL DESCRIPTION | |
| Extent | 201 p. : |
| Other physical details | ill. ; |
| Dimensions | 26 cm. |
| 440 #0 - SERIES STATEMENT/ADDED ENTRY--TITLE | |
| Title | Oppositions books |
| 9 (RLIN) | 888 |
| 500 ## - GENERAL NOTE | |
| General note | Translation of: L'architettura della città. |
| 500 ## - GENERAL NOTE | |
| General note | "Published for the Graham Foundation for Advanced Studies in the Fine Arts, Chicago, Illinois, and the Institute for Architecture and Urban Studies, New York, New York." |
| 500 ## - GENERAL NOTE | |
| General note | Errata slip inserted. |
| 650 #0 - SUBJECT ADDED ENTRY--TOPICAL TERM | |
| Topical term or geographic name entry element | City planning. |
| 9 (RLIN) | 889 |
| 650 #0 - SUBJECT ADDED ENTRY--TOPICAL TERM | |
| Topical term or geographic name entry element | Architecture. |
| 9 (RLIN) | 890 |
| 700 1# - ADDED ENTRY--PERSONAL NAME | |
| Personal name | Eisenman, Peter, |
| Dates associated with a name | 1932- |
| 9 (RLIN) | 891 |
| 710 2# - ADDED ENTRY--CORPORATE NAME | |
| Corporate name or jurisdiction name as entry element | Graham Foundation for Advanced Studies in the Fine Arts. |
| 9 (RLIN) | 892 |
| 710 2# - ADDED ENTRY--CORPORATE NAME | |
| Corporate name or jurisdiction name as entry element | Institute for Architecture and Urban Studies. |
| 9 (RLIN) | 893 |
| 942 ## - ADDED ENTRY ELEMENTS (KOHA) | |
| Institution code [OBSOLETE] | SADA |
| Koha item type | Book |
| Call number prefix | 711.4 ROS 1982 |
| Source of classification or shelving scheme | |
| Withdrawn status | Lost status | Source of classification or shelving scheme | Damaged status | Not for loan | Permanent Location | Current Location | Date acquired | Total Checkouts | Total Renewals | Full call number | Barcode | Date last seen | Date last checked out | Cost, replacement price | Price effective from | Koha item type |
|---|---|---|---|---|---|---|---|---|---|---|---|---|---|---|---|---|
| School of Art Design and Architecture (SADA) | School of Art Design and Architecture (SADA) | 10/01/2010 | 5 | 3 | 711.4 ROS 1982 | SADA0000303 | 09/19/2025 | 04/24/2025 | 1875.00 | 08/05/2011 | Book |
